The bleeding limbs of the sikhs : (Record no. 37712)
[ view plain ]
| 000 -LEADER | |
|---|---|
| fixed length control field | 00557nam a22001937a 4500 |
| 005 - DATE AND TIME OF LATEST TRANSACTION | |
| control field | 20100726135359.0 |
| 010 ## - LCCN (DPL NO) | |
| LC control number | ENG-97101 |
| 020 ## - INTERNATIONAL STANDARD BOOK NUMBER | |
| Terms of availability | 600.00 |
| 035 ## - SYSTEM CONTROL NUMBER | |
| System control number | EN-80634 |
| 037 ## - SOURCE OF ACQUISITION | |
| Source of stock number/acquisition | DBAD/PUB |
| 082 ## - DEWEY DECIMAL CLASSIFICATION NUMBER | |
| Classification number | 294.592146 |
| 100 ## - MAIN ENTRY--PERSONAL NAME | |
| Personal name | .., Avtar Singh |
| 245 ## - TITLE STATEMENT | |
| Title | The bleeding limbs of the sikhs : |
| Statement of responsibility, etc | Avtar Singh Gill |
| Remainder of title | stark reality revealed / |
| 260 ## - PUBLICATION, DISTRIBUTION, ETC. (IMPRINT) | |
| Place of publication, distribution, etc | Punjab |
| Name of publisher, distributor, etc | Jaswant Publisher |
| 270 ## - ADDRESS | |
| Address | 41/-100-j,Bhai Ranbir singh Nagar |
| City | Punjab |
| 300 ## - PHYSICAL DESCRIPTION | |
| Extent | 414p. |
| Dimensions | 23cm (pbk) |
| 700 ## - ADDED ENTRY--PERSONAL NAME | |
| 9 (RLIN) | 1414 |
| 942 ## - ADDED ENTRY ELEMENTS (KOHA) | |
| Source of classification or shelving scheme | Dewey Decimal Classification |
| Item type | English Books |
| Classification part | 954.052 |
| Call number suffix | GIL |
No items available.
